[Event "Russian Rapid Championship (m)"]
[Site "Sochi"]
[Date "2022.10.15"]
[Round "2.6"]
[White "Timerkhanov, Alexander"]
[Black "Bocharov, Dmitry"]
[Result "1/2-1/2"]
[BlackElo "2562"]
[WhiteElo "2341"]
[LiveChessVersion "1.4.8"]

1. d4 {[%clk 0:15:17]} Nf6 {[%clk 0:15:18]} 2. Bg5 {[%clk 0:15:24]} e6
{[%clk 0:15:16]} 3. Nd2 {[%clk 0:15:32]} c5 {[%clk 0:14:44]} 4. e3
{[%clk 0:15:38]} cxd4 {[%clk 0:13:03]} 5. exd4 {[%clk 0:15:46]} b6
{[%clk 0:13:12]} 6. Ngf3 {[%clk 0:15:28]} Be7 {[%clk 0:13:16]} 7. Bd3
{[%clk 0:15:24]} Ba6 {[%clk 0:13:19]} 8. Nc4 {[%clk 0:14:01]} O-O
{[%clk 0:12:46]} 9. Ne3 {[%clk 0:13:58]} Bb7 {[%clk 0:11:31]} 10. O-O
{[%clk 0:13:10]} h6 {[%clk 0:11:20]} 11. Bh4 {[%clk 0:12:18]} Nc6
{[%clk 0:11:28]} 12. c3 {[%clk 0:12:12]} Nh5 {[%clk 0:11:36]} 13. Bg3
{[%clk 0:11:12]} Nxg3 {[%clk 0:10:16]} 14. fxg3 {[%clk 0:09:34]} Rc8
{[%clk 0:09:39]} 15. Qe2 {[%clk 0:09:27]} g6 {[%clk 0:09:17]} 16. Ng4
{[%clk 0:07:10]} Kg7 {[%clk 0:08:45]} 17. Qd2 {[%clk 0:06:05]} Bg5
{[%clk 0:07:06]} 18. Nxg5 {[%clk 0:06:12]} Qxg5 {[%clk 0:07:14]} 19. Rf4
{[%clk 0:05:51]} f5 {[%clk 0:06:15]} 20. h4 {[%clk 0:04:49]} Qe7 {[%clk 0:06:23]}
21. d5 {[%clk 0:03:30]} fxg4 {[%clk 0:04:42]} 22. dxc6 {[%clk 0:03:31]} Bxc6
{[%clk 0:04:49]} 23. Rxg4 {[%clk 0:03:32]} Rf6 {[%clk 0:04:53]} 24. Qc2
{[%clk 0:02:28]} Qc5+ {[%clk 0:04:21]} 25. Kh2 {[%clk 0:02:37]} g5
{[%clk 0:04:12]} 26. Be4 {[%clk 0:02:00]} Rf2 {[%clk 0:03:50]} 27. Qd3
{[%clk 0:02:08]} Rcf8 {[%clk 0:03:27]} 28. b4 {[%clk 0:01:39]} Qe5
{[%clk 0:01:35]} 29. Bxc6 {[%clk 0:01:32]} dxc6 {[%clk 0:01:42]} 30. Qd7+
{[%clk 0:01:31]} R8f7 {[%clk 0:01:26]} 31. Qxc6 {[%clk 0:01:39]} Re2
{[%clk 0:01:28]} 32. Rd1 {[%clk 0:01:13]} Kg6 {[%clk 0:01:03]} 33. Qe8
{[%clk 0:00:50]} Qf5 {[%clk 0:00:31]} 34. Rd7 {[%clk 0:00:53]} Rxg2+
{[%clk 0:00:20]} 35. Kxg2 {[%clk 0:01:01]} Qf1+ {[%clk 0:00:25]} 36. Kh2
{[%clk 0:01:10]} Qe2+ {[%clk 0:00:29]} 37. Kh3 {[%clk 0:01:12]} 1/2-1/2

[Event "Russian Rapid Championship (m)"]
[Site "Sochi"]
[Date "2022.10.15"]
[Round "2.7"]
[White "Vlasenko, Miroslav"]
[Black "Tsydypov, Zhamsaran"]
[Result "0-1"]
[BlackElo "2554"]
[WhiteElo "2312"]
[LiveChessVersion "1.4.8"]

1. d4 {[%clk 0:15:19]} Nf6 {[%clk 0:14:59]} 2. Bg5 {[%clk 0:15:25]} Ne4
{[%clk 0:15:03]} 3. Bf4 {[%clk 0:15:33]} c5 {[%clk 0:15:07]} 4. d5
{[%clk 0:15:24]} d6 {[%clk 0:15:12]} 5. Nd2 {[%clk 0:15:15]} Nf6 {[%clk 0:15:08]}
6. e4 {[%clk 0:15:23]} g6 {[%clk 0:15:12]} 7. Bb5+ {[%clk 0:14:54]} Bd7
{[%clk 0:14:38]} 8. a4 {[%clk 0:14:38]} Bg7 {[%clk 0:14:44]} 9. c3
{[%clk 0:13:42]} O-O {[%clk 0:14:48]} 10. Ngf3 {[%clk 0:13:20]} Nh5
{[%clk 0:13:01]} 11. Bg5 {[%clk 0:12:21]} h6 {[%clk 0:12:51]} 12. Be3
{[%clk 0:12:23]} Na6 {[%clk 0:12:37]} 13. O-O {[%clk 0:11:50]} Nc7
{[%clk 0:12:42]} 14. Be2 {[%clk 0:11:35]} Nf6 {[%clk 0:12:11]} 15. h3
{[%clk 0:11:11]} Re8 {[%clk 0:11:29]} 16. b4 {[%clk 0:09:27]} cxb4
{[%clk 0:11:31]} 17. cxb4 {[%clk 0:09:35]} e6 {[%clk 0:11:30]} 18. dxe6
{[%clk 0:09:00]} Nxe6 {[%clk 0:11:11]} 19. Rc1 {[%clk 0:08:38]} Bc6
{[%clk 0:10:32]} 20. Bd3 {[%clk 0:07:15]} d5 {[%clk 0:09:40]} 21. e5
{[%clk 0:07:07]} d4 {[%clk 0:09:46]} 22. Nxd4 {[%clk 0:05:13]} Nxd4
{[%clk 0:09:50]} 23. exf6 {[%clk 0:05:20]} Qxf6 {[%clk 0:09:11]} 24. b5
{[%clk 0:04:38]} Bd5 {[%clk 0:08:45]} 25. Bc4 {[%clk 0:03:30]} Rad8
{[%clk 0:08:36]} 26. Bxd4 {[%clk 0:02:34]} Qxd4 {[%clk 0:08:41]} 27. Nf3
{[%clk 0:01:59]} Qxc4 {[%clk 0:08:10]} 28. Rxc4 {[%clk 0:02:03]} Bxc4
{[%clk 0:08:18]} 29. Qc2 {[%clk 0:01:25]} Bd3 {[%clk 0:06:50]} 30. Qb3
{[%clk 0:01:14]} Bxf1 {[%clk 0:06:57]} 31. Kxf1 {[%clk 0:01:22]} Rc8
{[%clk 0:06:50]} 32. g4 {[%clk 0:00:38]} b6 {[%clk 0:06:21]} 33. Qd5
{[%clk 0:00:35]} Rc2 {[%clk 0:06:15]} 34. Nh4 {[%clk 0:00:28]} Ree2
{[%clk 0:06:03]} 35. Nxg6 {[%clk 0:00:19]} Rxf2+ {[%clk 0:06:08]} 36. Kg1
{[%clk 0:00:28]} Rfd2 {[%clk 0:05:34]} 37. Ne7+ {[%clk 0:00:35]} Kf8
{[%clk 0:05:43]} 0-1

[Event "Russian Rapid Championship (m)"]
[Site "Sochi"]
[Date "2022.10.15"]
[Round "2.8"]
[White "Shomoev, Anton"]
[Black "Raetsky, Alexander"]
[Result "1-0"]
[BlackElo "2322"]
[WhiteElo "2553"]
[LiveChessVersion "1.4.8"]

1. e4 {[%clk 0:15:18]} c5 {[%clk 0:15:18]} 2. Nf3 {[%clk 0:15:26]} Nc6
{[%clk 0:15:27]} 3. d4 {[%clk 0:15:20]} cxd4 {[%clk 0:15:36]} 4. Nxd4
{[%clk 0:15:29]} Qb6 {[%clk 0:15:32]} 5. Nb3 {[%clk 0:15:37]} Nf6
{[%clk 0:15:40]} 6. Nc3 {[%clk 0:15:46]} e6 {[%clk 0:15:50]} 7. Qe2
{[%clk 0:15:54]} d6 {[%clk 0:15:22]} 8. g4 {[%clk 0:16:00]} a6 {[%clk 0:14:57]}
9. g5 {[%clk 0:15:53]} Nd7 {[%clk 0:15:06]} 10. Be3 {[%clk 0:16:01]} Qc7
{[%clk 0:15:14]} 11. O-O-O {[%clk 0:16:01]} b5 {[%clk 0:14:51]} 12. f4
{[%clk 0:16:07]} Be7 {[%clk 0:14:15]} 13. Qf2 {[%clk 0:15:26]} Na5
{[%clk 0:13:05]} 14. Nxa5 {[%clk 0:15:31]} Qxa5 {[%clk 0:13:13]} 15. Kb1
{[%clk 0:15:39]} b4 {[%clk 0:13:03]} 16. Ne2 {[%clk 0:15:47]} Bb7
{[%clk 0:09:12]} 17. Bg2 {[%clk 0:15:55]} e5 {[%clk 0:07:59]} 18. f5
{[%clk 0:15:51]} Qb5 {[%clk 0:06:47]} 19. Ng3 {[%clk 0:15:43]} g6
{[%clk 0:05:35]} 20. h4 {[%clk 0:15:04]} a5 {[%clk 0:05:09]} 21. h5
{[%clk 0:15:08]} gxh5 {[%clk 0:05:03]} 22. f6 {[%clk 0:15:04]} Bf8
{[%clk 0:03:59]} 23. Nf5 {[%clk 0:15:12]} a4 {[%clk 0:02:46]} 24. Rxd6
{[%clk 0:09:45]} b3 {[%clk 0:02:52]} 25. Rhd1 {[%clk 0:09:44]} bxa2+
{[%clk 0:02:38]} 26. Ka1 {[%clk 0:09:51]} Bc6 {[%clk 0:02:41]} 27. Qd2
{[%clk 0:07:50]} Rc8 {[%clk 0:01:33]} 28. Rxd7 {[%clk 0:06:56]} Bxd7
{[%clk 0:01:36]} 29. Nd6+ {[%clk 0:07:05]} Bxd6 {[%clk 0:01:28]} 30. Qxd6
{[%clk 0:07:13]} 1-0

[Event "Russian Rapid Championship (m)"]
[Site "Sochi"]
[Date "2022.10.15"]
[Round "2.9"]
[White "Grigorjev, Iljya"]
[Black "Chigaev, Maksim"]
[Result "0-1"]
[BlackElo "2540"]
[WhiteElo "2304"]
[LiveChessVersion "1.4.8"]

1. e4 {[%clk 0:15:17]} c5 {[%clk 0:15:19]} 2. Nf3 {[%clk 0:15:25]} e6
{[%clk 0:15:28]} 3. g3 {[%clk 0:15:29]} Nc6 {[%clk 0:15:35]} 4. Bg2
{[%clk 0:15:37]} Nf6 {[%clk 0:15:43]} 5. Qe2 {[%clk 0:15:42]} e5 {[%clk 0:15:52]}
6. O-O {[%clk 0:15:40]} Be7 {[%clk 0:16:00]} 7. c3 {[%clk 0:15:20]} O-O
{[%clk 0:16:06]} 8. d3 {[%clk 0:14:58]} d5 {[%clk 0:15:41]} 9. Nbd2
{[%clk 0:13:35]} d4 {[%clk 0:15:12]} 10. Nc4 {[%clk 0:11:44]} Bg4
{[%clk 0:12:21]} 11. a4 {[%clk 0:11:19]} Nd7 {[%clk 0:12:26]} 12. h3
{[%clk 0:11:02]} Be6 {[%clk 0:12:13]} 13. Bd2 {[%clk 0:09:12]} b6
{[%clk 0:12:15]} 14. cxd4 {[%clk 0:08:12]} cxd4 {[%clk 0:11:50]} 15. Rfc1
{[%clk 0:08:03]} Qb8 {[%clk 0:10:54]} 16. Qe1 {[%clk 0:06:20]} Nc5
{[%clk 0:09:17]} 17. Ra3 {[%clk 0:06:28]} a5 {[%clk 0:09:19]} 18. Ng5
{[%clk 0:04:50]} Bxg5 {[%clk 0:08:20]} 19. Bxg5 {[%clk 0:04:58]} Nb4
{[%clk 0:08:28]} 20. Bf1 {[%clk 0:03:47]} Rc8 {[%clk 0:08:34]} 21. Qd1
{[%clk 0:02:18]} Ra7 {[%clk 0:06:18]} 22. Bd2 {[%clk 0:01:08]} Ncxd3
{[%clk 0:06:03]} 23. Rxd3 {[%clk 0:01:10]} Bxc4 {[%clk 0:05:42]} 24. Rxd4
{[%clk 0:01:18]} Bxf1 {[%clk 0:04:49]} 25. Bf4 {[%clk 0:01:26]} Re8
{[%clk 0:04:30]} 0-1

[Event "Russian Rapid Championship (m)"]
[Site "Sochi"]
[Date "2022.10.15"]
[Round "2.10"]
[White "Rozum, Ivan"]
[Black "Zverev, Lev"]
[Result "1/2-1/2"]
[BlackElo "2309"]
[WhiteElo "2540"]
[LiveChessVersion "1.4.8"]

1. c4 {[%clk 0:15:17]} e5 {[%clk 0:15:18]} 2. Nc3 {[%clk 0:15:25]} Nf6
{[%clk 0:15:25]} 3. Nf3 {[%clk 0:15:33]} Nc6 {[%clk 0:15:32]} 4. e3
{[%clk 0:15:41]} d5 {[%clk 0:15:18]} 5. cxd5 {[%clk 0:15:46]} Nxd5
{[%clk 0:15:26]} 6. Bb5 {[%clk 0:15:51]} Nxc3 {[%clk 0:14:48]} 7. bxc3
{[%clk 0:15:59]} Bd6 {[%clk 0:14:56]} 8. d4 {[%clk 0:16:04]} exd4
{[%clk 0:14:16]} 9. cxd4 {[%clk 0:16:02]} O-O {[%clk 0:14:16]} 10. O-O
{[%clk 0:16:06]} Bg4 {[%clk 0:13:34]} 11. Be2 {[%clk 0:15:51]} Qf6
{[%clk 0:13:00]} 12. Bb2 {[%clk 0:15:38]} Rfe8 {[%clk 0:11:44]} 13. Re1
{[%clk 0:14:53]} Rad8 {[%clk 0:10:33]} 14. Nd2 {[%clk 0:14:26]} Bxe2
{[%clk 0:09:41]} 15. Rxe2 {[%clk 0:14:01]} Qg6 {[%clk 0:09:08]} 16. Nf3
{[%clk 0:12:55]} Nb4 {[%clk 0:07:59]} 17. Qb3 {[%clk 0:09:13]} Nd3
{[%clk 0:07:39]} 18. Qc2 {[%clk 0:07:49]} Nxb2 {[%clk 0:07:07]} 19. Qxg6
{[%clk 0:06:48]} hxg6 {[%clk 0:07:15]} 20. Rxb2 {[%clk 0:06:56]} b6
{[%clk 0:07:19]} 21. a4 {[%clk 0:06:03]} c5 {[%clk 0:06:21]} 22. dxc5
{[%clk 0:05:44]} Bxc5 {[%clk 0:06:02]} 23. Kf1 {[%clk 0:05:28]} f6
{[%clk 0:04:53]} 24. h4 {[%clk 0:05:25]} Kf7 {[%clk 0:04:50]} 25. g3
{[%clk 0:05:18]} Rd7 {[%clk 0:02:44]} 26. Ke2 {[%clk 0:05:12]} Red8
{[%clk 0:02:39]} 27. Rb3 {[%clk 0:03:58]} Ke6 {[%clk 0:02:17]} 28. Ra2
{[%clk 0:03:56]} Rd6 {[%clk 0:01:18]} 29. Ne1 {[%clk 0:03:49]} Kd5
{[%clk 0:01:13]} 30. Rc2 {[%clk 0:03:32]} R6d7 {[%clk 0:00:32]} 31. Nd3
{[%clk 0:03:36]} Bd6 {[%clk 0:00:30]} 32. a5 {[%clk 0:03:10]} bxa5
{[%clk 0:00:36]} 33. Rb5+ {[%clk 0:03:18]} Ke6 {[%clk 0:00:45]} 34. Rxa5
{[%clk 0:03:24]} Kf7 {[%clk 0:00:39]} 35. Ra6 {[%clk 0:01:50]} Be7
{[%clk 0:00:30]} 36. Nf4 {[%clk 0:01:46]} Bb4 {[%clk 0:00:17]} 37. Kf3
{[%clk 0:01:47]} Bd6 {[%clk 0:00:18]} 38. Ne2 {[%clk 0:01:25]} Be5
{[%clk 0:00:11]} 39. Rca2 {[%clk 0:01:26]} Ra8 {[%clk 0:00:16]} 40. R2a4
{[%clk 0:01:27]} Bd6 {[%clk 0:00:16]} 41. Nd4 {[%clk 0:01:34]} Bc5
{[%clk 0:00:23]} 42. Nc6 {[%clk 0:01:13]} Rc7 {[%clk 0:00:24]} 43. Rc4
{[%clk 0:00:42]} Bd6 {[%clk 0:00:12]} 44. Na5 {[%clk 0:00:24]} Rxc4
{[%clk 0:00:14]} 45. Nxc4 {[%clk 0:00:33]} Bc5 {[%clk 0:00:24]} 46. Rc6
{[%clk 0:00:38]} Be7 {[%clk 0:00:28]} 47. Ra6 {[%clk 0:00:45]} Rc8
{[%clk 0:00:33]} 48. Ra4 {[%clk 0:00:25]} Ke6 {[%clk 0:00:27]} 49. Ke4
{[%clk 0:00:30]} Rc7 {[%clk 0:00:36]} 50. Ra6+ {[%clk 0:00:34]} Kd7
{[%clk 0:00:44]} 51. Kd4 {[%clk 0:00:25]} Bc5+ {[%clk 0:00:38]} 52. Kd5
{[%clk 0:00:32]} Bb4 {[%clk 0:00:45]} 53. Ra4 {[%clk 0:00:25]} Be1
{[%clk 0:00:46]} 54. Ra2 {[%clk 0:00:29]} Rb7 {[%clk 0:00:26]} 55. Nd6
{[%clk 0:00:22]} Rc7 {[%clk 0:00:34]} 56. Nb5 {[%clk 0:00:29]} Rb7
{[%clk 0:00:43]} 57. Nd4 {[%clk 0:00:25]} Bc3 {[%clk 0:00:30]} 58. Ne2
{[%clk 0:00:29]} Be5 {[%clk 0:00:32]} 59. f4 {[%clk 0:00:34]} Bd6
{[%clk 0:00:22]} 60. Nd4 {[%clk 0:00:35]} Bc7 {[%clk 0:00:16]} 61. e4
{[%clk 0:00:40]} Bb6 {[%clk 0:00:19]} 62. Nf3 {[%clk 0:00:31]} Rc7
{[%clk 0:00:26]} 63. e5 {[%clk 0:00:36]} f5 {[%clk 0:00:14]} 64. Rd2
{[%clk 0:00:26]} Ke7 {[%clk 0:00:20]} 65. Rd3 {[%clk 0:00:22]} Rc5+
{[%clk 0:00:15]} 66. Kd4 {[%clk 0:00:31]} Rc8+ {[%clk 0:00:23]} 67. Kd5
{[%clk 0:00:39]} a5 {[%clk 0:00:26]} 68. Nd2 {[%clk 0:00:33]} Rc5+
{[%clk 0:00:18]} 69. Kd4 {[%clk 0:00:42]} Ke6 {[%clk 0:00:14]} 70. Nc4
{[%clk 0:00:49]} Rd5+ {[%clk 0:00:21]} 71. Kc3 {[%clk 0:00:58]} Rxd3+
{[%clk 0:00:29]} 72. Kxd3 Bf2 {[%clk 0:00:37]} 73. Nxa5 {[%clk 0:01:11]} Bxg3
{[%clk 0:00:46]} 74. Ke3 {[%clk 0:01:20]} Bxh4 {[%clk 0:00:54]} 75. Nc6
{[%clk 0:01:01]} Be7 {[%clk 0:00:45]} 76. Nd4+ {[%clk 0:00:35]} Kd5
{[%clk 0:00:54]} 77. Nf3 {[%clk 0:00:42]} Bc5+ {[%clk 0:00:58]} 78. Kd3
{[%clk 0:00:51]} Ba3 {[%clk 0:01:04]} 79. Nh4 {[%clk 0:00:57]} g5
{[%clk 0:01:10]} 80. Nxf5 {[%clk 0:01:01]} gxf4 {[%clk 0:01:17]} 81. Nxg7
{[%clk 0:01:07]} 1/2-1/2

[Event "Russian Rapid Championship (m)"]
[Site "Sochi"]
[Date "2022.10.15"]
[Round "2.11"]
[White "Balashov, Yuri S"]
[Black "Pridorozhni, Aleksei"]
[Result "0-1"]
[BlackElo "2538"]
[WhiteElo "2298"]
[LiveChessVersion "1.4.8"]

1. d4 {[%clk 0:15:19]} e6 {[%clk 0:15:21]} 2. c4 {[%clk 0:15:27]} b6
{[%clk 0:15:29]} 3. Nf3 {[%clk 0:15:31]} Bb7 {[%clk 0:15:37]} 4. Nc3
{[%clk 0:15:39]} Bb4 {[%clk 0:15:35]} 5. Qc2 {[%clk 0:15:23]} f5 {[%clk 0:15:36]}
6. a3 {[%clk 0:15:24]} Bxc3+ {[%clk 0:15:43]} 7. Qxc3 {[%clk 0:15:33]} Nf6
{[%clk 0:15:51]} 8. Nd2 {[%clk 0:15:31]} d6 {[%clk 0:15:53]} 9. b3
{[%clk 0:15:39]} Nbd7 {[%clk 0:15:58]} 10. Bb2 {[%clk 0:15:47]} Qe7
{[%clk 0:16:03]} 11. f3 {[%clk 0:15:39]} O-O {[%clk 0:15:57]} 12. e3
{[%clk 0:15:41]} c5 {[%clk 0:15:57]} 13. Be2 {[%clk 0:15:39]} Rac8
{[%clk 0:15:48]} 14. O-O {[%clk 0:15:44]} e5 {[%clk 0:15:19]} 15. dxe5
{[%clk 0:15:42]} Nxe5 {[%clk 0:14:54]} 16. Rfe1 {[%clk 0:15:31]} Rce8
{[%clk 0:14:57]} 17. Rad1 {[%clk 0:15:18]} Rf7 {[%clk 0:13:59]} 18. Nf1
{[%clk 0:15:20]} Qe6 {[%clk 0:14:01]} 19. Qc2 {[%clk 0:14:35]} h5
{[%clk 0:12:48]} 20. Ng3 {[%clk 0:14:06]} g6 {[%clk 0:12:55]} 21. Bf1
{[%clk 0:12:50]} h4 {[%clk 0:12:29]} 22. Ne2 {[%clk 0:12:59]} g5 {[%clk 0:12:36]}
23. Qd2 {[%clk 0:12:41]} h3 {[%clk 0:11:35]} 24. Bxe5 {[%clk 0:11:00]} dxe5
{[%clk 0:11:41]} 25. Nc3 {[%clk 0:10:25]} hxg2 {[%clk 0:11:30]} 26. Bxg2
{[%clk 0:10:13]} Rd7 {[%clk 0:10:14]} 27. Qf2 {[%clk 0:10:21]} Rg7
{[%clk 0:10:21]} 28. e4 {[%clk 0:09:47]} g4 {[%clk 0:10:14]} 29. Nd5
{[%clk 0:09:27]} gxf3 {[%clk 0:09:59]} 30. Qxf3 {[%clk 0:08:09]} Nxe4
{[%clk 0:09:57]} 31. Kh1 {[%clk 0:07:51]} Qh6 {[%clk 0:09:37]} 32. Rxe4
{[%clk 0:06:52]} fxe4 {[%clk 0:09:08]} 33. Qxe4 {[%clk 0:06:10]} Kh8
{[%clk 0:08:29]} 34. Qe2 {[%clk 0:06:00]} Bc8 {[%clk 0:07:30]} 35. Ne3
{[%clk 0:04:46]} Reg8 {[%clk 0:06:59]} 36. Bd5 {[%clk 0:04:25]} Rf8
{[%clk 0:07:05]} 37. Be4 {[%clk 0:04:19]} Bh3 {[%clk 0:06:50]} 38. Re1
{[%clk 0:02:32]} Rgf7 {[%clk 0:06:38]} 39. Bg2 {[%clk 0:02:06]} Rf2
{[%clk 0:06:23]} 40. Qd3 {[%clk 0:02:05]} Bxg2+ {[%clk 0:05:47]} 41. Nxg2
{[%clk 0:02:13]} Qh7 {[%clk 0:05:55]} 42. Qd1 {[%clk 0:02:12]} Qf5
{[%clk 0:05:55]} 43. Rg1 {[%clk 0:02:00]} Rf1 {[%clk 0:05:51]} 44. Qe2
{[%clk 0:02:06]} Rxg1+ {[%clk 0:05:39]} 45. Kxg1 {[%clk 0:02:15]} e4
{[%clk 0:05:12]} 46. h4 {[%clk 0:02:24]} Rg8 {[%clk 0:05:06]} 47. Qd2
{[%clk 0:02:16]} Kh7 {[%clk 0:05:06]} 48. Kh2 {[%clk 0:01:44]} Qf3
{[%clk 0:05:01]} 0-1

[Event "Russian Rapid Championship (m)"]
[Site "Sochi"]
[Date "2022.10.15"]
[Round "2.12"]
[White "Afanasiev, Nikita"]
[Black "Rodin, Dmitrij"]
[Result "1-0"]
[BlackElo "2304"]
[WhiteElo "2535"]
[LiveChessVersion "1.4.8"]

1. c4 {[%clk 0:15:18]} Nf6 {[%clk 0:15:18]} 2. Nf3 {[%clk 0:15:25]} e6
{[%clk 0:15:25]} 3. b3 {[%clk 0:15:33]} b6 {[%clk 0:15:32]} 4. Bb2
{[%clk 0:15:40]} Bb7 {[%clk 0:15:41]} 5. g3 {[%clk 0:15:47]} Be7 {[%clk 0:15:49]}
6. Bg2 {[%clk 0:15:56]} O-O {[%clk 0:15:56]} 7. d4 {[%clk 0:16:03]} d5
{[%clk 0:14:37]} 8. Nc3 {[%clk 0:15:58]} Nbd7 {[%clk 0:13:48]} 9. Ne5
{[%clk 0:14:32]} c5 {[%clk 0:13:33]} 10. Nxd7 {[%clk 0:14:01]} Qxd7
{[%clk 0:13:41]} 11. cxd5 {[%clk 0:14:02]} exd5 {[%clk 0:12:56]} 12. O-O
{[%clk 0:14:02]} Rac8 {[%clk 0:12:11]} 13. dxc5 {[%clk 0:12:52]} bxc5
{[%clk 0:12:18]} 14. Rc1 {[%clk 0:12:01]} Rfd8 {[%clk 0:12:07]} 15. Qd3
{[%clk 0:11:52]} Qe6 {[%clk 0:11:27]} 16. Na4 {[%clk 0:11:43]} Ba6
{[%clk 0:11:10]} 17. Qd2 {[%clk 0:11:45]} d4 {[%clk 0:09:45]} 18. Rfe1
{[%clk 0:10:37]} c4 {[%clk 0:09:02]} 19. Bxd4 {[%clk 0:10:22]} cxb3
{[%clk 0:09:10]} 20. Rxc8 {[%clk 0:10:02]} Bxc8 {[%clk 0:06:35]} 21. axb3
{[%clk 0:10:07]} Qxb3 {[%clk 0:06:34]} 22. Ra1 {[%clk 0:10:14]} Be6
{[%clk 0:05:39]} 23. e3 {[%clk 0:09:25]} Bd5 {[%clk 0:05:07]} 24. Qb2
{[%clk 0:07:27]} Qc4 {[%clk 0:04:02]} 25. Bf1 {[%clk 0:04:39]} Qc8
{[%clk 0:02:42]} 26. Nc3 {[%clk 0:04:47]} Ba8 {[%clk 0:02:41]} 27. Rxa7
{[%clk 0:04:30]} Qc6 {[%clk 0:02:04]} 28. e4 {[%clk 0:04:38]} Bc5
{[%clk 0:00:56]} 29. Bxc5 {[%clk 0:04:42]} Qxc5 {[%clk 0:01:05]} 30. Qa2
{[%clk 0:04:51]} Qf8 {[%clk 0:00:52]} 31. e5 {[%clk 0:04:02]} Ng4
{[%clk 0:00:35]} 32. Rxf7 {[%clk 0:03:59]} Qxf7 {[%clk 0:00:44]} 33. Bc4
{[%clk 0:04:07]} Bd5 {[%clk 0:00:53]} 34. Bxd5 {[%clk 0:04:02]} Rxd5
{[%clk 0:01:01]} 35. Qa8+ {[%clk 0:04:06]} Qf8 {[%clk 0:01:07]} 36. Qxd5+
{[%clk 0:04:13]} Kh8 {[%clk 0:01:17]} 37. Ne4 {[%clk 0:04:12]} h6
{[%clk 0:01:26]} 38. h3 {[%clk 0:04:17]} 1-0

[Event "Russian Rapid Championship (m)"]
[Site "Sochi"]
[Date "2022.10.15"]
[Round "2.13"]
[White "Kalegin, Evgenij"]
[Black "Alekseev, Evgeny"]
[Result "0-1"]
[BlackElo "2533"]
[WhiteElo "2286"]
[LiveChessVersion "1.4.8"]

1. e4 {[%clk 0:15:16]} c5 {[%clk 0:15:18]} 2. Nf3 {[%clk 0:15:22]} e6
{[%clk 0:15:24]} 3. Nc3 {[%clk 0:15:26]} a6 {[%clk 0:15:03]} 4. g3
{[%clk 0:15:33]} b5 {[%clk 0:14:45]} 5. d4 {[%clk 0:15:40]} cxd4 {[%clk 0:14:28]}
6. Nxd4 {[%clk 0:15:48]} Bb7 {[%clk 0:13:38]} 7. Bg2 {[%clk 0:15:55]} Nc6
{[%clk 0:13:28]} 8. Nxc6 {[%clk 0:15:18]} Bxc6 {[%clk 0:13:33]} 9. O-O
{[%clk 0:15:17]} Bc5 {[%clk 0:12:14]} 10. Qh5 {[%clk 0:13:25]} d6
{[%clk 0:10:37]} 11. e5 {[%clk 0:12:58]} Bxg2 {[%clk 0:10:04]} 12. Kxg2
{[%clk 0:13:04]} d5 {[%clk 0:09:42]} 13. Qg4 {[%clk 0:11:44]} Kf8
{[%clk 0:09:07]} 14. Be3 {[%clk 0:08:40]} Qc7 {[%clk 0:08:16]} 15. Bxc5+
{[%clk 0:07:10]} Qxc5 {[%clk 0:08:24]} 16. a3 {[%clk 0:06:50]} Ne7
{[%clk 0:07:23]} 17. Qb4 {[%clk 0:06:44]} Rc8 {[%clk 0:07:07]} 18. Rad1
{[%clk 0:05:14]} Qxb4 {[%clk 0:06:30]} 19. axb4 {[%clk 0:05:23]} Nc6
{[%clk 0:06:37]} 20. f4 {[%clk 0:05:28]} Nxb4 {[%clk 0:06:28]} 21. Rf2
{[%clk 0:04:54]} g6 {[%clk 0:05:26]} 22. g4 {[%clk 0:04:30]} Ke7 {[%clk 0:04:05]}
23. f5 {[%clk 0:03:50]} gxf5 {[%clk 0:04:13]} 24. gxf5 {[%clk 0:03:59]} Rhg8+
{[%clk 0:04:22]} 25. Kh1 {[%clk 0:03:45]} Rg5 {[%clk 0:03:56]} 26. fxe6
{[%clk 0:03:31]} fxe6 {[%clk 0:04:05]} 27. Rdf1 {[%clk 0:03:22]} Rg7
{[%clk 0:02:54]} 28. Rf6 {[%clk 0:02:14]} Nc6 {[%clk 0:02:35]} 29. Rh6
{[%clk 0:02:08]} Nxe5 {[%clk 0:01:59]} 30. Re1 {[%clk 0:01:59]} Kd6
{[%clk 0:01:23]} 31. Nxd5 {[%clk 0:02:03]} Ng4 {[%clk 0:01:01]} 32. Rhxe6+
{[%clk 0:01:15]} Kxd5 {[%clk 0:01:09]} 33. R6e2 {[%clk 0:00:46]} Rf8
{[%clk 0:00:55]} 34. Rd1+ {[%clk 0:00:23]} Kc5 {[%clk 0:00:43]} 35. Rg1
{[%clk 0:00:28]} Rg6 {[%clk 0:00:43]} 36. b4+ {[%clk 0:00:18]} Kc6
{[%clk 0:00:28]} 37. h3 {[%clk 0:00:13]} Nf2+ {[%clk 0:00:36]} 38. Kh2
{[%clk 0:00:20]} Rxg1 {[%clk 0:00:40]} 39. Kxg1 {[%clk 0:00:29]} Nxh3+
{[%clk 0:00:49]} 40. Kh2 {[%clk 0:00:39]} Rf2+ {[%clk 0:00:56]} 0-1

[Event "Russian Rapid Championship (m)"]
[Site "Sochi"]
[Date "2022.10.15"]
[Round "2.14"]
[White "Turov, Maxim"]
[Black "Rozhkov, Viacheslav"]
[Result "1-0"]
[BlackElo "2292"]
[WhiteElo "2528"]
[LiveChessVersion "1.4.8"]

1. d4 {[%clk 0:15:15]} d5 {[%clk 0:15:18]} 2. c4 {[%clk 0:15:23]} dxc4
{[%clk 0:15:27]} 3. e4 {[%clk 0:15:28]} Nc6 {[%clk 0:15:35]} 4. d5
{[%clk 0:15:18]} Ne5 {[%clk 0:15:43]} 5. Bf4 {[%clk 0:15:18]} Ng6
{[%clk 0:15:52]} 6. Be3 {[%clk 0:15:26]} e5 {[%clk 0:15:35]} 7. Bxc4
{[%clk 0:15:16]} Bd6 {[%clk 0:15:43]} 8. Nc3 {[%clk 0:14:58]} a6 {[%clk 0:15:49]}
9. Nf3 {[%clk 0:14:26]} Nf6 {[%clk 0:15:57]} 10. O-O {[%clk 0:14:33]} O-O
{[%clk 0:16:05]} 11. Rc1 {[%clk 0:14:34]} Nh5 {[%clk 0:16:12]} 12. g3
{[%clk 0:14:03]} h6 {[%clk 0:14:05]} 13. Nd2 {[%clk 0:13:24]} Nf6
{[%clk 0:11:47]} 14. Be2 {[%clk 0:13:29]} Bh3 {[%clk 0:10:26]} 15. Re1
{[%clk 0:13:33]} Qd7 {[%clk 0:10:35]} 16. f3 {[%clk 0:12:17]} Qe7
{[%clk 0:10:44]} 17. Bf1 {[%clk 0:12:13]} Bd7 {[%clk 0:09:40]} 18. Nc4
{[%clk 0:11:42]} b5 {[%clk 0:08:16]} 19. Na5 {[%clk 0:09:32]} Bb4
{[%clk 0:06:28]} 20. Nb3 {[%clk 0:09:06]} Bd6 {[%clk 0:05:54]} 21. a3
{[%clk 0:08:50]} Nh7 {[%clk 0:05:59]} 22. Na5 {[%clk 0:08:15]} f5
{[%clk 0:05:41]} 23. exf5 {[%clk 0:08:15]} Bxf5 {[%clk 0:05:49]} 24. Ne4
{[%clk 0:07:56]} Nf6 {[%clk 0:04:23]} 25. Bg2 {[%clk 0:06:37]} Qf7
{[%clk 0:03:27]} 26. Nb7 {[%clk 0:06:17]} Nxd5 {[%clk 0:02:16]} 27. Nbxd6
{[%clk 0:06:04]} cxd6 {[%clk 0:02:24]} 28. Nxd6 {[%clk 0:05:49]} Nxe3
{[%clk 0:02:27]} 29. Rxe3 {[%clk 0:05:49]} Qa7 {[%clk 0:02:35]} 30. Qd5+
{[%clk 0:05:32]} Kh8 {[%clk 0:02:15]} 31. Qc5 {[%clk 0:04:46]} Be6 32. f4
{[%clk 0:04:26]} Qxc5 {[%clk 0:00:35]} 33. Rxc5 {[%clk 0:04:35]} Rad8
{[%clk 0:00:37]} 34. fxe5 {[%clk 0:04:36]} Bc4 {[%clk 0:00:33]} 35. Rc6
{[%clk 0:03:36]} a5 {[%clk 0:00:06]} 36. e6 {[%clk 0:02:09]} Ne7 {[%clk 0:00:21]}
37. Nf7+ {[%clk 0:02:09]} Rxf7 {[%clk 0:00:19]} 38. exf7 {[%clk 0:02:17]} Nxc6
{[%clk 0:00:25]} 39. Re8+ {[%clk 0:02:13]} 1-0